01412 2200601 4500001002100000008004100021035002000062245005300082100001800135250000600153260003000159300002600189020002200215084001400237082000800251650001100259990001500270990001500285990001500300990001500315990001500330990001500345990001500360990001500375990001500390990001500405990001500420990001500435990001500450990001500465990001500480990001500495990001500510990001500525990001500540990001500555990001500570990001500585990001500600990001500615990001500630990001500645990001500660990001500675990001500690990001500705990001500720990001500735990001500750990001500765990001500780990001500795INLIS000000000003383 ind  a0010-0526000006 aKoding dan Kecerdasan Artifisial XcHendy Pandia aPandia, Hendy a1 aJakarta :bErlanggac2024 a261 hlmc25 x 19.5 cm a978-623-522-648-4 a004 HEN k a004 aKODING a20068/B/26 a20069/B/26 a20070/B/26 a20071/B/26 a20072/B/26 a20073/B/26 a20074/B/26 a20075/B/26 a20076/B/26 a20077/B/26 a20078/B/26 a20079/B/26 a20080/B/26 a20081/B/26 a20082/B/26 a20083/B/26 a20084/B/26 a20085/B/26 a20086/B/26 a20087/B/26 a20088/B/26 a20089/B/26 a20090/B/26 a20091/B/26 a20092/B/26 a20093/B/26 a20094/B/26 a20095/B/26 a20096/B/26 a20097/B/26 a20098/B/26 a20099/B/26 a20100/B/26 a20101/B/27 a20102/B/28 a20103/B/29